Estrategia para el liderazgo competitivo (Registro nro. 36443)

Detalles MARC
000 -LEADER
fixed length control field 01729 a2200229 4500
001 - CONTROL NUMBER
control field 63965
005 - DATE AND TIME OF LATEST TRANSACTION
control field 20260521160827.0
008 - FIXED-LENGTH DATA ELEMENTS--GENERAL INFORMATION
fixed length control field 260521a1997 arg spa d
003 - CONTROL NUMBER IDENTIFIER
control field AR-UNSa-BCEJYS
040 ## - CATALOGING SOURCE
Original cataloging agency AR-UNSa-BCEJYS
Language of cataloging spa
Transcribing agency AR-UNSa-BCEJYS
080 ## - UNIVERSAL DECIMAL CLASSIFICATION NUMBER
Universal Decimal Classification number 658.012.2
Common auxiliary subdivision Planificación. Programas. Planes. Medidas de apoyo a la planificación( Administración estratégica...)
020 ## - INTERNATIONAL STANDARD BOOK NUMBER
International Standard Book Number 978-84-7577-428-2
041 ## - LANGUAGE CODE
Language code of text/sound track or separate title spa
100 1# - MAIN ENTRY--PERSONAL NAME
Personal name Hax, Arnaldo C.
245 10 - TITLE STATEMENT
Title Estrategia para el liderazgo competitivo
Name of part/section of a work De la visión a los resultados
264 #1 - PRODUCTION, PUBLICATION, DISTRIBUTION, MANUFACTURE, AND COPYRIGHT NOTICE
Place of production, publication, distribution, manufacture Buenos Aires :
Name of producer, publisher, distributor, manufacturer Granica
Date of production, publication, distribution, manufacture, or copyright notice 1997
300 ## - PHYSICAL DESCRIPTION
Extent 536 p.
Dimensions 23 cm.
505 ## - FORMATTED CONTENTS NOTE
Formatted contents note 1. El concepto de estrategia y el proceso de formación de la estrategia – 2. Un proceso formal de planificación estratégica – 3. Estrategia de negocios: los conceptos fundamentales – 4. La misión del negocio – 5. El examen del medio externo a nivel del negocio – 6. Evaluación interna a nivel del negocio – 7. La formulación de la estrategia del negocio – 8. Evaluación estratégica y económica de los méritos de una estrategia – 9. Estrategia corporativa: los conceptos esenciales – 10. Examen de medio externo a nivel corporativo – 11. La misión de la empresa – 12. Segmentación del negocio – 13. Estrategia horizontal – 14. Integración vertical – 15. Filosofía corporativa – 16. Postura estratégica de la empresa – 17. Asignación de recursos y gestión de la cartera de negocios – 18. Estrategia funcional: los conceptos esenciales – 19. Estrategia de recursos humanos – 20. Estrategia tecnológica – 21. Estrategia de fabricación -
590 ## - LOCAL NOTE (RLIN)
Local note niveau_biblio:m niveau_hierar:0
700 1# - ADDED ENTRY--PERSONAL NAME
Personal name Majluf, Nicolas S.
942 ## - ADDED ENTRY ELEMENTS (KOHA)
Koha item type
Existencias
Withdrawn status Lost status Damaged status Not for loan Home library Current library Shelving location Date acquired Total checkouts Full call number Barcode Date last seen Price effective from Koha item type
        Biblioteca Prof. Eusebio Cleto del Rey Biblioteca Prof. Eusebio Cleto del Rey   21/05/2026   658.012.2 H411e L85398 21/05/2026 21/05/2026 Libro
        Biblioteca Prof. Eusebio Cleto del Rey Biblioteca Prof. Eusebio Cleto del Rey   21/05/2026   658.012.2 H411e L85399 21/05/2026 21/05/2026 Libro